Význam výskumu ako východiska pre aktivity v rámci interných public relations

Podstata a význam public relations. Charakteristika interných public relations. Interná komunikácia. Nástroje interných public relations. Výskum interných public relations.

Guardado en:
Detalles Bibliográficos
Autor principal: Žák, Štefan, 1971-
Formato: Capítulo de libro
Lenguaje:eslovaco
Materias:
Etiquetas: Agregar Etiqueta
Sin Etiquetas, Sea el primero en etiquetar este registro!

MARC

LEADER 00000naa$a2200000$$$4500
001 0105239
005 20240611111710.5
041 0 |a slo 
044 |a SK 
245 1 0 |a Význam výskumu ako východiska pre aktivity v rámci interných public relations  |c Štefan Žák 
520 |a Podstata a význam public relations. Charakteristika interných public relations. Interná komunikácia. Nástroje interných public relations. Výskum interných public relations. 
610 2 0 |a práca s verejnosťou 
610 2 0 |a komunikácia interná 
610 2 0 |a komunikácia marketingová 
610 2 0 |a komunikácia firemná 
610 2 0 |a firmy 
610 2 0 |a zamestnanci 
610 2 0 |a výskum 
100 1 |a Žák, Štefan, 1971-